Anteproyecto de Constitución Política de la República de Chile.
Saved in:
| Institution som forfatter: | |
|---|---|
| Format: | Ukendt |
| Sprog: | engelsk |
| Udgivet: |
Santiago, Chile:
Jurídica de Chile,
2023.
|
| Udgivelse: | Primera edición. |
| Fag: | |
| Tags: |
Tilføj Tag
Ingen Tags, Vær først til at tagge denne postø!
|
MARC
| LEADER | 00000 a2200000 4500 | ||
|---|---|---|---|
| 003 | CL-VaPUC | ||
| 005 | 20250423160735.0 | ||
| 008 | 241004t2023 ||||| |||| 00| 0 eng d | ||
| 999 | |c 444975 |d 444973 | ||
| 020 | |a 978-956-10-2711-4 | ||
| 040 | |c Pontificia Universidad Católica de Valparaíso | ||
| 082 | |2 22 |a 342.83 COM 2023 | ||
| 110 | |9 892022 |a Comisión Experta. |b Proceso constitucional |e autor | ||
| 245 | |a Anteproyecto de Constitución Política de la República de Chile. | ||
| 250 | |a Primera edición. |b Edición revisada e indexada. | ||
| 260 | |a Santiago, Chile: |b Jurídica de Chile, |c 2023. | ||
| 300 | |a 166 páginas. | ||
| 583 | |k Yessy Díaz Vidal |c 20241004 | ||
| 650 | 0 | |a Constitución política de Chile |x Anteproyectos y reformas |9 890575 | |
| 650 | 0 | |9 222588 |a Derecho constitucional |x Libertades fundamentales |x Administración del Estado |z Chile | |
| 942 | |2 ddc |c BK | ||
| 952 | |0 0 |1 0 |2 ddc |4 0 |5 1 |6 342_830000000000000_COM_2023 |7 4 |8 C_LRYV |9 597192 |a BIBDER |b BIBDER |d 2024-10-03 |e 22 |g 5508.00 |i 5662981 |o 342.83 COM 2023 |p 5662981 |r 2024-10-03 |t 1 |v 5508.00 |w 2024-10-03 |y BK_X |k DER | ||